The face of the Earth [Large Print] / Deborah ... Read More
Available copies
- 1 of 1 copy available at LARL/NWRL Consortium.
- 1 of 1 copy available at Northwest Regional Library. (Show preferred library)
Current holds
0 current holds with 1 total copy.
Show Only Available Copies
| Location | Call Number / Copy Notes | Barcode | Shelving Location | Status | Due Date |
|---|---|---|---|---|---|
| Thief River Falls Public Library | lp RAN (Text) | 35500005292113 | Main | Available | - |
Record details
- ISBN: 9781611737592 (library binding : alk. paper)
- Physical Description: pages ; cm.
- Publisher: Thorndike, Maine : Center Point Large Print, 2013.
Search for related items by subject
| Subject: | Large type books. |
| Genre: | Christian fiction. |
| LDR | 00955nam a22002898i 4500 | ||
|---|---|---|---|
| 001 | 153818 | ||
| 003 | LARL_NWRL_CONSORTIUM | ||
| 005 | 20130102144716.0 | ||
| 008 | 130102s2013 meu d 000 1 eng | ||
| 010 | . | ‡a2012051791 | |
| 020 | . | ‡a9781611737592 (library binding : alk. paper) | |
| 040 | . | ‡aDLC ‡beng ‡cDLC ‡erda | |
| 042 | . | ‡apcc | |
| 049 | . | ‡aNRG | |
| 050 | 1 | 0. | ‡aPS3568.A562 ‡bF33 2013b |
| 082 | 0 | 0. | ‡a813/.54 ‡223 |
| 100 | 1 | . | ‡aRaney, Deborah. ‡0(LARL_NWRL_CONSORTIUM)119081 |
| 245 | 1 | 4. | ‡aThe face of the Earth ‡h[Large Print] / ‡cDeborah Raney. |
| 260 | . | ‡aThorndike, Maine : ‡bCenter Point Large Print, ‡c2013. | |
| 300 | . | ‡apages ; cm. | |
| 336 | . | ‡atext ‡2rdacontent | |
| 337 | . | ‡aunmediated ‡2rdamedia | |
| 338 | . | ‡avolume ‡2rdacarrier | |
| 655 | 7. | ‡aChristian fiction. ‡2gsafd | |
| 650 | 0. | ‡aLarge type books. ‡0(LARL_NWRL_CONSORTIUM)24284 | |
| 901 | . | ‡a153818 ‡bISxN ‡c153818 ‡tbiblio | |

Add to basket
Permalink
Disable Highlighting